000 01920cam a2200505 a 4500
001 2949771
005 20241220110015.0
008 951002s1963 nyua 000 1 eng d
010 _a 63009810
020 _a9780394800295 (trade) :
_c$9.99
020 _a039480029X (trade) :
_c$9.99
020 _a9780394900292 (lib. binding)
020 _a0394900294 (lib. binding)
035 _a(OCoLC)304373
_z(OCoLC)470426
_z(OCoLC)1184352
_z(OCoLC)8989545
_z(OCoLC)11697047
_z(OCoLC)20729681
_z(OCoLC)44059772
_z(OCoLC)50545054
_z(OCoLC)646848645
035 _a(OCoLC)ocm304373
040 _aBVD
_cBVD
_dMUS
_dOIP
_dYDXCP
_dOCLCG
_dNIALS
_dOCLCQ
_dIGA
_erda
050 1 4 _aPZ8.3
_b.G276
082 _aE
092 _aE
100 1 _aSeuss,
_cDr.
245 1 0 _aHop on Pop /
_cby Dr. Seuss.
260 _aNew York :
_bBeginner Books,
_cc1963.
264 1 _aNew York :
_bBeginner Books,
_cc1963.
300 _a64 p. :
_bcol. ill. ;
_c24 cm.
336 _atext
337 _aunmediated
338 _avolume
490 1 _aI can read it all by myself
500 _a"B-29"--Spine.
500 _a"Grolier Book Club Edition"--Some copies.
520 _aPairs of rhyming words are introduced and used in simple sentences, such as "Day. Play. We play all day. Night. Fight. We fight all night."
521 1 _a5-8
_bBrodart.
521 2 _aK-3
_bBrodart.
526 0 _aAccelerated Reader
_bLG
_c1.5
_d.5.
526 0 _aReading Counts
_bK-2
_c1.1
_d1.
650 0 _aStories in rhyme.
650 0 _aNonsense verses.
650 7 _aJUVENILE FICTION / Classics
_2bisacsh
_95728706
650 7 _aJUVENILE FICTION / Concepts / Words
_2bisacsh
_95727192
650 7 _aJUVENILE FICTION / Family / Parents
_2bisacsh
_95675880
787 0 _nOCLC Work Id
_ohttp://worldcat.org/entity/work/id/1813193233
830 0 _aI can read it all by myself.
_920505
942 _2ddc
_cBOOK
999 _c12507
_d12507
999 _bE